Fundamentos teológicos de la contribución a la iglesia
Wedi'i Gadw mewn:
| Prif Awdur: | |
|---|---|
| Fformat: | Llyfr |
| Iaith: | Sbaeneg |
| Cyhoeddwyd: |
s.l
s.n
1967
|
| Pynciau: | |
| Tagiau: |
Ychwanegu Tag
Dim Tagiau, Byddwch y cyntaf i dagio'r cofnod hwn!
|
MARC
| LEADER | 00000nam a2200000 a 4500 | ||
|---|---|---|---|
| 001 | UCL5400 | ||
| 003 | CL-VaPUC | ||
| 008 | 040312e19670000sl |||||||||||||||||spa|d | ||
| 082 | 0 | 4 | |a 262.136 |b VIG |2 21 |
| 100 | 0 | |a Viganó Cattaneo, Egidio |e author |9 483149 | |
| 245 | 1 | 0 | |a Fundamentos teológicos de la contribución a la iglesia |
| 300 | |a 22 p | ||
| 942 | |c BK | ||
| 945 | |d 20040312 00:00:00 |a vberengu | ||
| 260 | |a s.l |b s.n |c 1967 | ||
| 650 | 7 | |a CONTRIBUCIONES |2 CL-VaPUC |9 403705 | |
| 650 | 7 | |a FINANCIAMIENTO DE LA IGLESIA |2 CL-VaPUC |9 483150 | |
| 583 | |a last modification |c 20180109 11:59:11 |k Rodrigo Vera | ||
| 999 | |c 308007 |d 308005 | ||
| 952 | |0 0 |1 0 |4 0 |6 262_136000000000000_VIG_1967 |7 0 |8 A |9 374211 |a BIBTEO |b BIBTEO |d 2019-11-21 |i 3385175 |o 262.136 VIG 1967 |p 3385175 |r 2025-01-17 |w 2019-11-21 |y BK |k ICR | ||